| Поле | Инд. | ПП | Название | Значение |
|---|---|---|---|---|
| Тип записи | a | |||
| Библиографический уровень | b | |||
| 001 | Контрольный номер | 0f57b62d8a8b4803aa099b3884797bd0 | ||
| 005 | Дата корректировки | 20260216094231.1 | ||
| 024 | 80 | a | Стандартный номер | 10.22323/1.501.0206 |
| 040 | a | Служба первич. каталог. | Scopus | |
| b | Код языка каталог. | rus | ||
| 041 | 0_ | a | Код языка текста | rus |
| 097 | a | Костяева О.Г. | ||
| 100 | 1_ | a | Автор | Budnev N. M. |
| 100 | 1_ | a | Автор | Ternovoy M. Yu. |
| 100 | 1_ | a | Автор | Astapov I. I. |
| 100 | 1_ | a | Автор | Bezyazeekov P. A. |
| 100 | 1_ | a | Автор | Bonvech E. A. |
| 100 | 1_ | a | Автор | Grebenyuk V. M. |
| c | Титул (звания) | ; кандидат технических наук; доцент (должность); | ||
| i | 000089026 | |||
| k | Кафедра проектирования электроники для установок "мегасайенс"; Инженерно-физический институт | |||
| q | Полное имя | Гребенюк Виктор Матвеевич | ||
| u | Дополнение | Гребенюк В. М. | ||
| g | Прочие сведения | РИНЦ AuthorID: 29718 (https://elibrary.ru/author_profile.asp?id=29718); Scopus Author ID: 7005773032 (https://www.scopus.com/authid/detail.uri?authorId=7005773032) | ||
| j | Принадлежность неизвестного автора к последователям, ученикам, сторонникам, школе и т. д. | государственный университет "Дубна" | ||
| 245 | 10 | a | Заглавие | Energy Spectrum and Mass Composition of Cosmic Rays According to the Data of the TAIGA-HiSCORE Installation |
| 773 | 18 | t | Название источника | Proceedings of Science |
| b | Сведения об издании | Sissa Medialab Srl | ||
| c | Italy | |||
| d | Место и дата издания | 2025 | ||
| m | Специф. данные | входит в Scopus; сборник трудов конференции | ||
| o | Прочие индексы | scopus 0.11 | ||
| x | ISSN | 1824-8039 | ||
| w | Контрольный № источника | 427c302de3ec48df950d4e82f8826b43 | ||
| g | Прочая информация | V. 501. - P. 206 | ||
| a | Заголовок основной записи | 39th International Cosmic Ray Conference, 15─24 Jul 2025; Geneva | ||
| 901 | t | Тип документа | b | |
| 952 | c | Вид литературы | материалы конференции |